000 00866nam a22002531 4500
001 142152
003 ES-MaACL
005 20230906200445.0
007 t|
008 071003s1952 sp ||||0| spa d
016 7 _zIND2000946571
040 _aM-BN
_bspa
_cCDM
080 _a356.251.21(47)
100 1 _aWilloughby, Charles Andrew.
_9116996
245 1 0 _aSorge, Jefe del espionaje soviético /
_cMayor General Charles A. Willoughby ; prólogo del General Douglas Mac Arthur ; [traducción directa del inglés por Luis Solano].
250 _a1ª ed.
260 _aBarcelona :
_bA. H. R,
_c1952 (
_fImp. Moderna)
300 _a386 p., 7 h., 2 h. de lám., 1 h. de mapa ;
_c19 cm.
490 1 _aLa cortina de hierro
830 0 _aLa cortina de hierro
_9182126
852 _aES-MaACL
_jD-9232
_bR.33010
999 _c142152
_d142152